00330pab a2200109 454500008004000000100002500040245008400065260000900149300001400158650001100172773003700183180718b2006 xxu||||| |||| 00| 0 eng d aAmbagudia, Jagannath aVoice and representation: defending tribal interest in the constituent assembly c2006 ap.88-112. aTribes aResearch Journal Social Sciences